Word studies in the New Testament / (Record no. 9724)
[ view plain ]
| 000 -LEADER | |
|---|---|
| fixed length control field | 00625nam a2200217Ii 4500 |
| 001 - CONTROL NUMBER | |
| control field | 5144065 |
| 003 - CONTROL NUMBER IDENTIFIER | |
| control field | OSt |
| 005 - DATE AND TIME OF LATEST TRANSACTION | |
| control field | 20210121183350.0 |
| 008 - FIXED-LENGTH DATA ELEMENTS--GENERAL INFORMATION | |
| fixed length control field | 790706r1888 vau 000 0 eng d |
| 040 ## - CATALOGING SOURCE | |
| Original cataloging agency | STS |
| Transcribing agency | STS |
| Modifying agency | m/c |
| -- | CDC |
| 092 ## - LOCALLY ASSIGNED DEWEY CALL NUMBER (OCLC) | |
| Classification number | 225.4 |
| Item number | V775 |
| 100 1# - MAIN ENTRY--PERSONAL NAME | |
| Personal name | Vincent, Marvin Richardson, |
| Dates associated with a name | 1834-1922 |
| 245 10 - TITLE STATEMENT | |
| Title | Word studies in the New Testament / |
| Statement of responsibility, etc. | by Marvin R. Vincent |
| 250 ## - EDITION STATEMENT | |
| Edition statement | [2d ed.] |
| 260 ## - PUBLICATION, DISTRIBUTION, ETC. | |
| Place of publication, distribution, etc. | McLean, VA : |
| Name of publisher, distributor, etc. | MacDonald Pub., |
| Date of publication, distribution, etc. | [1888?] |
| 300 ## - PHYSICAL DESCRIPTION | |
| Extent | 4 v. ; |
| Dimensions | 23 cm |
| 500 ## - GENERAL NOTE | |
| General note | Reprint |
| 504 ## - BIBLIOGRAPHY, ETC. NOTE | |
| Bibliography, etc. note | Includes bibliographies and indexes |
| 630 00 - SUBJECT ADDED ENTRY--UNIFORM TITLE | |
| Uniform title | Bible. |
| Name of part/section of a work | New Testament |
| General subdivision | Commentaries |
| 942 ## - ADDED ENTRY ELEMENTS (KOHA) | |
| Source of classification or shelving scheme | Dewey Decimal Classification |
| Koha item type | Books |
No items available.
